| 000 | 01260nam2a22002771 4500 | ||
|---|---|---|---|
| 001 | v19\rc\1481867 | ||
| 005 | 20250618153322.0 | ||
| 035 | _a(NLR Aleph) 004614642 | ||
| 090 |
_a2959668 _c2959668 |
||
| 100 | _a20060620d1892 |||y0rusy50 ca | ||
| 101 | 0 | _arus | |
| 102 | _aRU | ||
| 105 | _aa z ||||| | ||
| 200 | 0 |
_aс 4-го мая 1890 года по 4-е мая 1891 г. _eГод 14-й |
|
| 210 |
_d1892 _aБ. м. |
||
| 215 | _a48 с., 2 л. ил. | ||
| 461 | 0 |
_1001v19\rc\1481857 _12001#$aОтчет о деятельности Кавказского общества покровительства животным...$vс 4-го мая 1890 года по 4-е мая 1891 г. _92959543 _aКавказское о-во покровительства животным (Тифлис) _cТифлис _d1879-1910 _tОтчет о деятельности Кавказского общества покровительства животным... _vс 4-го мая 1890 года по 4-е мая 1891 г. |
|
| 801 | 0 |
_aRU _bNLR _gpsbo |
|
| 801 | 0 |
_aRU _bRuMoRGB _2psbo |
|
| 801 | 1 |
_aRU _bProSoft-M _2rusmarc |
|
| 852 |
_aNLR _j18.277.6.357 |
||
| 899 |
_aRuMoRGB _jA 206/103 |
||
| 899 |
_aRuMoRGB _jA 320/735 |
||
| 899 | _aБАН (1880-1904*) | ||
| 942 | _cBOOK | ||
| 980 | _aNB | ||